Statystyki dla Wypisz Wszystkich Sąsiadów Następujących Krajów #3

Kliknij tutaj aby rozwiązać quiz!

Ogólne statystyki

  • Ten quiz został rozwiązany 4 309 razy
    (1 208 od ostatniego zresetowania)
  • Średni wynik to 29 z 35

Statystyki odpowiedzi

HintOdpowiedź% Poprawnych
Słowacja
96%
Rumunia
94%
WęgryAustria
93%
Serbia
91%
Iran
90%
Iran
90%
Słowenia
90%
Chorwacja
89%
Irak
89%
Maroko
89%
Ukraina
86%
Pakistan
85%
Grecja
84%
Tunezja
84%
Bułgaria
83%
AlgeriaLibia
83%
TurcjaArmenia
81%
Tadżykistan
81%
Turkmenistan
81%
Laos
80%
Azerbejdżan
79%
AfganistanChiny
79%
Gruzja
78%
Syria
78%
TajlandiaBirma
77%
Uzbekistan
77%
Kambodża
76%
Mali
76%
Niger
75%
Honduras
74%
Meksyk
74%
GwatemalaBelize
70%
Mauretania
70%
Salwador
70%
Malezja
68%

Rozkład punktacji

Percentyl według liczby udzielonych odpowiedzi

Procent ludzi z każdym wynikiem

Twoja historia wyników

Nie rozwiązałeś tego quizu od ostatniego zresetowania